| 000 | 00889nam a22002657i 4500 | ||
|---|---|---|---|
| 001 | IT\ICCU\RAV\0672933 | ||
| 003 | ItRI | ||
| 005 | 20260115232312.0 | ||
| 008 | 000614s1958 it |||||| ||||| |||||c | ||
| 015 |
_2IT _a584829 |
||
| 040 |
_bita _cimportazione bologna sebina |
||
| 041 | 7 |
_aita _2ISO-639-2 |
|
| 082 |
_a813 _9Narrativa americana in inglese _214 |
||
| 100 | 1 |
_aCain, James M. _0IT\ICCU\CFIV\064979 _4aut |
|
| 240 | 1 | 0 |
_aSerenade _3IT\ICCU\RAV\0058290 _9Cain, James M. |
| 245 | 1 | 0 |
_aSerenata / _cJames M. Cain. |
| 250 | _a[Ed. integrale] | ||
| 260 |
_a[Milano] : _bA. Mondadori, _c1958 |
||
| 300 |
_a239 p. ; _c19 cm |
||
| 500 | _aTrad. di Ida Omboni. | ||
| 790 | 1 |
_aCain, James _3IT\ICCU\CFIV\169092 _zCain, James M. |
|
| 790 | 1 |
_aCain, James Mallahan _3IT\ICCU\CFIV\169093 _zCain, James M. |
|
| 830 | 2 |
_aI libri del pavone ; _v165 _0IT\ICCU\RMS\2659691 |
|
| 942 |
_2ddc _cBK _n0 |
||
| 999 |
_c20293 _d20293 |
||